000 01317nam a2200337 ia4500
003 OSt
005 20240505164849.0
008 240408s2022 my a jre 000 0 chi d
020 _a9789860761474
_qpaperback
_cRM 26.90
040 _aPPAK
_beng
_cPPAK
_erda
082 0 4 _a520.003
_223
090 0 0 _a520.003
_bTUJ
_dK
245 1 0 _6880-01
_aTujie tianwen xiao baike =
_bIllustrated Encyclopedia of Astronomy /
_cChildren's welfare editorial department.
250 _aNew edition
264 1 _aKuala Lumpur :
_bPopular Book Corporation Ltd.,
_c2022
300 _a216 pages :
_bcolour illustrations ;
_c21 cm
336 _atext
_2rdacontent
336 _astill image
_2rdacontent
337 _aunmediated
_2rdamedia
338 _avolume
_2rdacarrier
490 1 _6880-02
_aEr tong zhi shi tong.
546 _aText parallel in Chinese and English
650 1 0 _aAstronomy
_xEncyclopedias, Juvenile
710 2 _6700-02
_aChildren's welfare editorial department,
_eeditor.
830 0 _6880-03
_aEr tong zhi shi tong.
880 1 0 _6245-01/$1
_a图解天文小百科(新版)= Illustrated Encyclopedia of Astronomy / 幼福编辑部
880 1 0 _6490-01/$1
_a儿童知识通.
880 1 0 _6830-01/$1
_a儿童知识通.
880 1 0 _6710-01
_a幼福编辑部,
_eeditor.
942 _2ddc
_cB
999 _c195606
_d195606